Las democracias americanas i sus deberes. Prólogo del senador Don Eliodoro Yáñez
Guardat en:
| Autor principal: | |
|---|---|
| Altres autors: | , |
| Format: | Llibre |
| Idioma: | espanyol |
| Publicat: |
Santiago
Imprenta Universitaria
1917
|
| Edició: | 1a. ed |
| Col·lecció: | Biblioteca de la Asociación de Educación Nacional, 5
|
| Matèries: | |
| Etiquetes: |
Afegir etiqueta
Sense etiquetes, Sigues el primer a etiquetar aquest registre!
|
MARC
| LEADER | 00000nam a2200000 a 4500 | ||
|---|---|---|---|
| 001 | UCJ5815 | ||
| 003 | CL-VaPUC | ||
| 005 | 20250108094717.0 | ||
| 008 | 070124e19170000CL |||||||||||||||||spa|d | ||
| 999 | |c 321924 |d 321922 | ||
| 040 | |c Pontificia Universidad Católica de Valparaíso | ||
| 082 | 0 | 4 | |a 321 |b ROW |2 21 |
| 100 | 0 | |a Rowe, Leo S. |e author |9 511610 | |
| 245 | 1 | 4 | |a Las democracias americanas i sus deberes. Prólogo del senador Don Eliodoro Yáñez |
| 250 | |a 1a. ed | ||
| 260 | |a Santiago |b Imprenta Universitaria |c 1917 | ||
| 300 | |a 134 p | ||
| 490 | 0 | |a Biblioteca de la Asociación de Educación Nacional, 5 | |
| 583 | |a last modification |c 20070124 00:00:00 |k Rodrigo Vera | ||
| 600 | 0 | 7 | |a ROSS, EDWARD A. |2 CL-VaPUC |9 511612 |
| 650 | 0 | |a Democracia |9 255256 | |
| 650 | 0 | |a Educación |9 258661 | |
| 650 | 0 | |a Psicología |9 257863 | |
| 650 | 0 | |a Ética |9 255099 | |
| 650 | 0 | |a Antropología |9 233030 | |
| 650 | 0 | |a Mujer |9 255613 | |
| 650 | 0 | |a Alcoholismo |9 259651 | |
| 650 | 0 | |a Partidos políticos |9 254999 | |
| 650 | 0 | |a Revoluciones |9 255713 | |
| 651 | 0 | |a América Latina |9 255027 | |
| 700 | |a Molina Garmendia, Enrique |e autor |9 309095 | ||
| 700 | 0 | |a Yáñez, Eliodoro |e prólogo |9 371852 | |
| 942 | |c BK |2 ddc | ||
| 945 | |d 20070124 00:00:00 |a rinostro | ||
| 952 | |0 0 |1 0 |4 0 |6 321_000000000000000_ROW_1917 |7 0 |8 X |9 400808 |a FDOBUD |b FDOBUD |d 2019-11-22 |i 103992K |o 321 ROW 1917 |p 103992K |r 2019-11-22 |w 2019-11-22 |y BK_X |k BUD | ||